Statistiche per Riconosci il Calciatore - Quiz n°48

Clicka qui per fare il quiz!

Statistiche generali

  • Questo quiz è stato fatto 7 volte
  • Il punteggio medio è 11 su 20

Statistiche sulle risposte

IndizioRisposta% Corretto
Data di nascita23/06/1998
83%
RuoloAttaccante
83%
NazionalitàCroazia
83%
Squadra di club 7Fiorentina 2023-
83%
Trofei per clubCampionato croato: 1
Dinamo Zagabria: 2015-2016
Campionato tedesco di seconda divisione: 1
Stoccarda: 2016-2017
67%
Squadra di club 6Wolfsburg 2022-2023
67%
Trofei individuali0
50%
Trofei per nazionali0
50%
Squadra di club 1Dinamo Zagabria 2015-2016
50%
Squadra di club 3Stoccarda 2017-2018
50%
Squadra di club 5Torino 2021-2022
50%
Squadra di club 2Wolfsburg 2016-2017
50%
Squadra di club 4Wolfsburg 2018-2021
50%
Altezza175 cm
33%
Presenze nei club220
33%
Gol nei club34
33%
Presenze in nazionale35
33%
Gol in nazionale4
33%
Peso72 kg
33%
CalciatoreJosip Brekalo
33%

Distribuzione punteggi

Percentile per numero di risposta

Percentuale di utenti per punteggio

I tuoi punteggi nel tempo

Non hai fatto questo quiz